| 000 | 00465nam a22001817a 4500 | ||
|---|---|---|---|
| 003 | MPLRDC | ||
| 005 | 20220104123317.0 | ||
| 008 | 210129b ||||| |||| 00| 0 eng d | ||
| 020 | _a962-17-0893-1 | ||
| 082 | _a947.411 CZZ v.23 | ||
| 100 | _a蔡志忠 | ||
| 245 |
_a漫画论语 _c |
||
| 260 |
_a香港 _b博益出版集团有限公司 _c1991 |
||
| 300 | _b181 | ||
| 490 | _a蔡志忠作品集. 23 | ||
| 650 | _a蔡志忠漫画 | ||
| 942 |
_cBK _o947.411 CZZ v.23 |
||
| 999 |
_c10286 _d10276 |
||